000 00504nam a2200181Ia 4500
005 20250508152343.0
008 008 250505s9999 xx 000 0 eng d
037 _aTextual
040 _aFEDL
_beng
_cFEDL
041 _aeng
_2eng
084 _a201, ALL
_qFEDL
100 _aAllen E.L.
_9761273
245 0 _aGuide book to western thought
260 _aLondon, UK
_bThe English Universities Press Ltd.
_c1957
300 _a254p.
942 _cTEXL
_h201, ALL
999 _c1335867
_d1335867